| 000 | 00000nam##2200000za#4500 |
| 001 | 9.663838 |
| 003 | CaOODSP |
| 005 | 20210615121239 |
| 007 | ta |
| 008 | 150407|2002||||xxc||||| f|0| 0 fre|d |
| 020 | |a0-662-66665-8 |
| 040 | |aCaOODSP|bfre |
| 041 | |aeng |
| 041 | |afre |
| 043 | |an-cn--- |
| 086 | 1 |aBT22-83/2002 |
| 110 | 1 |aCanada. |bConseil du trésor. |
| 245 | 10|aAccès à l'information: comment mieux servir les Canadiens : |brapport du Groupe d'étude de l'accès à l'information / |cPublié par le Groupe d'étude de l'accès à l'information. |
| 260 | |aOttawa - Ontario : |bSecrétariat du Conseil du Trésor du Canada |c2002. |
| 300 | |aTexte français, vi, 233p. : |bgraphiques, références, tableaux ; |c28 cm. + |e1 CD-ROM sous le même titre. |
| 500 | |aLe numéro du catalogue (BT22-83-2002-MRC) imprimé dans cette publication est incorrect. |
| 563 | |aCouverture souple |
| 590 | |a02-26|b2002-06-28 |
| 691 | 07|aAccès à l'information|2gcpds |
| 691 | 07|aGouvernement fédéral|2gcpds |
| 776 | 0#|tAccess to information: making it work for Canadians / |w(CaOODSP)9.663839 |
| 776 | 0#|tAccess to information - making it work for Canadians : |w(CaOODSP)9.686304 |
| 776 | 0#|tAccès à l'information - comment mieux servir les Canadiens : |w(CaOODSP)9.630780 |
| 791 | |tAccess to information: making it work for Canadians : |eeng|w(CaOODSP)9.663837 |